MALÉ VODNOSTI NA ŘEKÁCH POVODÍ MORAVY V ČSR

Bibliographic Details
Main Author: Netopil, Rostislav, 1922-2010 (Author)
Format: Article
Language:Slovak
Czech

MARC

LEADER 00000nab a2200000 a 4500
001 vtls010719540
003 SK-MaSNL
005 20260305000618.0
008 250709s1976 xo |||||||||||||||||slo|
035 |a (urnnbn)urn:nbn:sk:snk:ar-a04q42 
035 |a (uuid)752b5286-5a00-407a-ba37-e77ef34d4af4 
035 |a urn:nbn:sk:snk-ab3ktk 
040 |a SNKBUCL  |b slo  |c SNKBUCL  |e AACR2 
041 0 |a cze 
044 |a xo  |c SK 
100 1 |a Netopil, Rostislav,  |d 1922-2010  |4 aut  |9 264202 
245 1 0 |a MALÉ VODNOSTI NA ŘEKÁCH POVODÍ MORAVY V ČSR  |c Rostislav Netopil 
773 0 |t Vodohospodársky časopis : časopis pre hydrológiu a hydromechaniku  |g Roč. 24, č. 5 (1976), s. 494-512 
850 |a Slovenská národná knižnica 
852 |a Slovenská národná knižnica 
958 |a article1 
958 |a OND 
958 |a EUIPO 
999 |c 3214701  |d 3216631